| Поле | Название | Значение |
| |
Тип записи |
a |
| |
Библиографический уровень |
m |
| 001 |
Контрольный номер |
LIBNET\0000806556 |
| 005 |
Дата корректировки |
20201206205123.0 |
| 010 |
Индекс ISBN |
__ |
| a |
ISBN |
978-5-9906334-6-9 (в пер.) |
| d |
Цена |
693-00 |
| 100 |
Данные общей обработки |
__ |
| a |
Данные общей обработки |
19180321d2017||||||| 0rusy0189 ca |
| 101 |
Язык документа |
1_ |
| a |
Язык текста |
rus |
| c |
Язык оригинала |
spa |
| 102 |
Страна публикации |
__ |
| a |
Страна публикации |
RU| |
| 102 |
Страна публикации |
__ |
| a |
Страна публикации |
RU |
| 105 |
Кодированные данные (монография) |
__ |
| a |
Кодированные данные (монография) |
с|||||||000zy |
| 200 |
Заглавие и сведения об ответственности |
1_ |
| a |
Заглавие |
Мораль XXI века |
| e |
Сведения, относящиеся к заглавию |
перевод с испанского |
| f |
Первые сведения об ответственности |
Дарио Салас Соммэр |
| b |
Общее обозначение материала |
Текст |
| 210 |
Выходные данные |
__ |
| a |
Место издания |
Москва |
| c |
Издательство |
Кодекс |
| d |
Дата издания |
2017 |
| 215 |
Физическое описание |
__ |
| a |
Объем |
478 с. |
| c |
Иллюстрации/тип воспроизводства |
ил., портр. |
| d |
Формат |
22 см |
| 225 |
Серия |
__ |
| a |
Серия |
Практическая философия |
| 300 |
Общие примечания |
__ |
| a |
Общие примечания |
Заглавие оригинала: Moral para el siglo XXI |
| 300 |
Общие примечания |
__ |
| a |
Общие примечания |
5000 экз. |
| 300 |
Общие примечания |
__ |
| a |
Общие примечания |
Книга из списка рекомендованных к прочтению Союзом писателей России в рамках национального образовательного проекта Президента Российской Федерации |
| 320 |
Библиография |
__ |
| a |
Библиография |
Библиография в подстрочных примечаниях |
| 330 |
Аннотация |
__ |
| a |
Аннотация |
Книга "Мораль XXI века" объясняет, как соблюдение норм морали ведет человека к истинному успеху и гармонии. В наши дни многие думают, что быть честным - невыгодно, а удача сопутствует хитрым, алчным и изворотливым людям. Автор опровергает эти заблуждения, ведущие к краху всей цивилизации, и предлагает строить жизнь на основе нравственной чистоты и совершенствования сознания. Автор говорит о законах Вселенной, понимание которых дает человеку ощущение непрерывного счастья и глубокое спокойствие в преодолении трудностей. Книга написана живым и доступным языком. Она соединяет философию с наукой и нашла единомышленников во многих странах мира. В 2012 году "Мораль XXI века" вошла в список произведений зарубежных авторов, рекомендованных к прочтению Союзом писателей России в рамках национального образовательного проекта Президента Российской Федерации. |
| 606 |
Тематические рубрики |
__ |
| a |
Основная рубрика |
Этика |
| 606 |
Тематические рубрики |
__ |
| a |
Основная рубрика |
Общая вопросы этики |
| 610 |
Ключевые слова |
__ |
| a |
Ключевые слова |
гармония (философия) |
| a |
Ключевые слова |
история морали |
| a |
Ключевые слова |
мораль |
| a |
Ключевые слова |
моральная философия |
| a |
Ключевые слова |
моральные качества |
| a |
Ключевые слова |
моральные принципы |
| a |
Ключевые слова |
моральные ценности |
| a |
Ключевые слова |
нравственность |
| a |
Ключевые слова |
общественная мораль |
| a |
Ключевые слова |
современная мораль |
| a |
Ключевые слова |
честность |
| 610 |
Ключевые слова |
__ |
| a |
Ключевые слова |
нормы поведения |
| 686 |
Индексы других классификаций |
__ |
| 2 |
Код системы |
rubbks |
| a |
Классификационный индекс |
87.701 |
| 700 |
Автор |
_1 |
| a |
Фамилия |
Соммэр |
| b |
Имя |
Д. С. |
| f |
Даты |
1935- |
| g |
Полное личное имя |
Дарио Салас |
| 4 |
Код отношения |
070 |
| 801 |
Источник записи |
_0 |
| a |
Страна |
RU |
| b |
Организация |
Донская ГПБ |
| c |
Дата составления |
20180321 |
| g |
Правила каталогизации |
RCR |
| 801 |
Источник записи |
_2 |
| a |
Страна |
RU |
| b |
Организация |
Муниципальное бюджетное учреждение культуры "Централизованная библиотечная система" г. Сургут (Центральная городская библиотека им. А. С. Пушкина) |
| c |
Дата составления |
20180321 |
| 852 |
Данные о местонахождении |
__ |
| j |
Шифр хранения |
87.701 |
| i |
Авторский знак |
С 61 |
| 901 |
Тип документа |
__ |
| t |
Тип документа |
m |
| a |
Ответственный |
КиК/Котельникова |
| 903 |
Характеристики (МАРС) |
__ |
| a |
Дата передачи |
20180321 |
| 990 |
Данные о заказе (DOS) |
__ |
| j |
Количество экземпляров (DOS) |
2 |
| t |
N записи в КСУ для И/У (DOS) |
201804 |